| 000 | 01273cam a22002295a 4500 | ||
|---|---|---|---|
| 001 | L140919 | ||
| 008 | 071017s2006 xxk f 000 0deng d | ||
| 020 | _a0900040394 | ||
| 035 | _a(Sirsi) u140919 | ||
| 041 | 0 | _aeng | |
| 100 | 1 | _aOffen, James | |
| 245 | 0 | 4 |
_aThe Committee Club _bthe first 100 years |
| 260 |
_aWitney _bAlden Press _c2006 |
||
| 300 |
_a89 p. _c22 cm. |
||
| 505 | 0 | _aIntroduction -- Victorian background -- Foundation and the first years -- Politics 1907-1915 -- The Great War -- The end of politics? -- Domestic matters 1919-1939 -- The 1939-1945 war -- Post war years until 1988 -- 1989-1996 -- Crisis 1997-2002 -- Recovery? 2003-2006 | |
| 505 | 0 | _aAppendices: The founder members -- The menu of the first Club dinner -- Chairmen 1906-1923 -- Honorary secretaries -- Members of the Committee Club -- Venues of Club dinners -- Subscriptions -- The members at the Centenary -- Dining clubs | |
| 520 | _aSets out the history of the Committee Club from its foundation in 1906 to 2006. The Committee Club was a dining club which had as one of its aims the discussion and advancement of issues of interest to surveyors. | ||
| 610 | 2 | 4 |
_aCommittee Club _95455 |
| 651 | 4 |
_aUnited Kingdom _y |
|
| 690 | _aABOUT RICS-RELATED ORGANISATIONS | ||
| 942 | _n0 | ||
| 999 |
_c107575 _d107575 |
||